| 000 | 00621nam a22002057a 4500 | ||
|---|---|---|---|
| 003 | OSt | ||
| 005 | 20250819022425.0 | ||
| 008 | 250819b |||||||| |||| 00| 0 eng d | ||
| 020 | _a971-23-2765-5 | ||
| 040 | _cOC | ||
| 082 | _aFil. 371.32 Ac35p 2000 | ||
| 100 | _aAcero , V. | ||
| 245 | _aPrinciples and strategies of teaching | ||
| 260 |
_aManila : _bRex Book Store, _cc2000. |
||
| 504 | _aIncludes references | ||
| 650 | _2Education - Study and Teaching | ||
| 700 | _aEvelyn S. Javier | ||
| 700 | _aHerminia O. Castro | ||
| 942 |
_2ddc _cBK-FIL _hFil. 371.32 Ac35p 2000 _kFil. _n0 |
||
| 999 |
_c4041 _d4041 |
||